Europavorstellungen der Konservativen Revolution

Titel: Europavorstellungen der Konservativen Revolution / von Irina Knyazeva
Verfasser:
Veröffentlicht: Berlin : Duncker & Humblot, [2018]
Umfang: 221 Seiten ; 24 cm, 385 g
Format: Buch
Sprache: Deutsch
Schriftenreihe/
mehrbändiges Werk:
Chemnitzer Europastudien ; Band 19
Hochschulschrift: Dissertation, TU Chemnitz, 2015
RVK-Notation:
Schlagworte:
ISBN: 9783428153411 ; 3428153413
Buchumschlag
X
alg: 42398624
001A    $06000:14-12-17 
001B    $03025:18-11-24 $t12:33:57.000 
001C    $06000:09-03-18 $t01:44:05.000 
001D    $00034:07-02-18 
001U    $0utf8 
001X    $00 
002@    $0Aau 
002C    $aText $btxt $2rdacontent 
002D    $aohne Hilfsmittel zu benutzen $bn $2rdamedia 
002E    $aBand $bnc $2rdacarrier 
003@    $0423986244 
003O    $01015880680 $aOCoLC 
004A    $A978-3-428-15341-1 $fBroschur : EUR 89.90 (DE), EUR 92.50 (AT) 
004A    $03-428-15341-3 
004K    $09783428153411 
006C    $01011037714 $aOCoLC 
006G    $01142809374 
006H    $0TOCNEUA1750 $2DNB 
006T    $017,N45 
006U    $018,A08 $f20171030 
006U    $018,H03 
007A    $01142809374 $aDNB 
009P    $qtext/html $A2 $3Inhaltstext $uhttp://deposit.dnb.de/cgi-bin/dokserv?id=d28a2f6ac17444f9975aaf4fdcfcdbc4&prov=M&dok_var=1&dok_ext=htm $mX:MVB 
009P    $qapplication/pdf $A2 $3Inhaltsverzeichnis $uhttp://d-nb.info/1142809374/04 $mB:DE-101 
010@    $ager 
010E    $erda 
011@    $a2018 $n[2018] 
013D    $RWissenschaftliche Literatur $#Dissertations, Academic $#Thèses et écrits académiques $74113937-9 $8Hochschulschrift [Ts1] $9085338818 
017A    $asf 
021A    $aEuropavorstellungen der Konservativen Revolution $hvon Irina Knyazeva 
028A    $BVerfasser $4aut $7 $8Knyazeva, Irina [Tnd] $9423424173 
033A    $pBerlin $05082687-6 $nDuncker & Humblot 
034D    $a221 Seiten 
034I    $a24 cm, 385 g 
036E    $aChemnitzer Europastudien $x1860-9813 $lBand 19 
037C    $dDissertation $eTU Chemnitz $f2015 
039U    $8--Oou--Kinzel, Till$Z1968- [Tp3]. [Knyazeva, Irina: Europavorstellungen der Konservativen Revolution], 2018 $9507992644 
039U    $aRezension in $8--Oou--Kraus, Hans-Christof$Z1958- [Tp1]. [Irina Knyazewa: Europavorstellungen der Konservativen Revolution], 2019 $9523620772 
044K    $qDNB $RPolitische Bewegung $RKonservativismus $RWeimarer Republik $#Revolutionärer Konservativismus $74165059-1 $8Konservative Revolution [Ts1] $9085737895 
044K    $qDNB $REuropabewegung $REuropabild $#European federation $#Européanisme $#Europäischer Gedanke $#Europaidee $#Europäisches Selbstverständnis $74071026-9 $8Europagedanke [Ts1] $9085200077 
045E    $c320 
045F    $a909 $eDDC23BSB 
045F/01 $a909 
045F/03 $f09042 
045F/03 $g43 
045R    $aIdeengeschichte 1918-1933 
045Z    $8NQ 1020 [Tkv] $9410910104 

lok: 42398624 23

exp: 42398624 23 1 #EPN
201B/01 $025-10-24 $t11:44:49.000 
201C/01 $031-01-18 
201U/01 $0utf8 
203@/01 $01016986416 
208@/01 $a07-02-18 $bz 
209A/01 $a35 NQ 1020 K74 $du $f030 $hNQ 1020 K74 $x00 
209G/01 $a28002173 $x00 
247C/01 $8352030-4 <34/30>Kassel, UB Kassel, Standort Brüder-Grimm-Platz, Landesbibliothek und Murhardsche Bibliothek der Stadt Kassel $9102599475 

lok: 42398624 78

exp: 42398624 78 1 #EPN
201B/01 $025-05-23 $t14:38:07.000 
201C/01 $025-05-23 
201U/01 $0utf8 
203@/01 $01234494116 
208@/01 $a25-05-23 $be 
209A/01 $a/ $f000 $x00 
209A/01 $ab*p $x01 
220C/01 $apgar 
244Z/01 $#Ostmitteleuropa $#Ostmitteleuropa $#Mitteleuropa, Ost $#Central Europe Ostmitteleuropa $#Mittelosteuropa $74075753-5 $8--Tg1--Ostmitteleuropa $x05 $9085214485 
247C/01 $82080>Marburg/Lahn, Herder-Institut, Forschungsbibliothek, Bibliographieportal $9336309341
LEADER 00000cam a2200000 c 4500
001 423986244
003 DE-603
005 20241118123357.0
007 tu
008 171214s2018 xx |||| m u00||u|ger
015 |a 18,A08  |z 17,N45  |2 dnb 
016 7 |2 DE-101  |a 1142809374 
020 |a 9783428153411  |c Broschur : EUR 89.90 (DE), EUR 92.50 (AT) 
020 |a 3428153413 
024 3 |a 9783428153411 
035 |a (DE-599)DNB1142809374 
035 |a (OCoLC)1015880680 
040 |a DE-603  |b ger  |c DE-603  |d DE-603  |e rda 
041 |a ger 
082 0 4 |8 1\u  |a 909  |q DE-101  |2 23/BSB 
084 |a 320  |q DE-101  |2 sdnb 
084 |a NQ 1020  |0 (DE-625)128039:  |0 (DE-603)410910104  |2 rvk 
085 |8 1\u  |b 909 
085 |8 1\u  |z 1  |s 09042 
085 |8 1\u  |z 2  |s 43 
090 |a b 
100 1 |a Knyazeva, Irina  |e Verfasser  |4 aut  |0 (DE-603)423424173 
245 0 0 |a Europavorstellungen der Konservativen Revolution  |c von Irina Knyazeva 
264 1 |a Berlin  |b Duncker & Humblot  |c [2018] 
300 |a 221 Seiten  |c 24 cm, 385 g 
336 |a Text  |b txt  |2 rdacontent 
337 |a ohne Hilfsmittel zu benutzen  |b n  |2 rdamedia 
338 |a Band  |b nc  |2 rdacarrier 
490 0 |a Chemnitzer Europastudien  |x 1860-9813  |v Band 19 
502 |b Dissertation  |c TU Chemnitz  |d 2015 
648 7 |a Ideengeschichte 1918-1933  |2 gnd 
650 7 |a Konservative Revolution  |0 (DE-588)4165059-1  |0 (DE-603)085737895  |2 gnd 
650 7 |a Europagedanke  |0 (DE-588)4071026-9  |0 (DE-603)085200077  |2 gnd 
655 7 |a Hochschulschrift  |2 gnd-content  |0 (DE-588)4113937-9  |0 (DE-603)085338818 
787 0 8 |i Rezensiert in  |a Kinzel, Till, 1968-  |t [Knyazeva, Irina: Europavorstellungen der Konservativen Revolution]  |w (DE-603)507992644 
787 0 8 |i Rezension in  |a Kraus, Hans-Christof, 1958-  |t [Irina Knyazewa: Europavorstellungen der Konservativen Revolution]  |w (DE-603)523620772 
856 4 2 |m X:MVB  |q text/html  |u http://deposit.dnb.de/cgi-bin/dokserv?id=d28a2f6ac17444f9975aaf4fdcfcdbc4&prov=M&dok_var=1&dok_ext=htm  |3 Inhaltstext 
856 4 2 |m B:DE-101  |q application/pdf  |u http://d-nb.info/1142809374/04  |3 Inhaltsverzeichnis 
924 0 |9 34/30  |a (DE-603)1016986416  |b DE-34-30  |c HES  |d c  |g 35 NQ 1020 K74 
924 0 |9 2080  |a (DE-603)1234494116  |b DE-2080  |c HES  |d d  |g /